000 01657cam a2200181 4500500
005 20251228095056.0
041 _afre
042 _adc
100 1 0 _aLevécot, Agnès
_eauthor
245 0 0 _aSilences articulés entre Lídia Jorge et Graça Morais
260 _c2020.
500 _a98
520 _aL’auteur tente de saisir la nature, la valeur et la force des silences qui imprègnent et articulent les œuvres de la peintre Graça Morais et de la romancière Lídia Jorge. Malgré les différences inhérentes à leur art, les deux artistes portugaises nous offrent une vision du monde à la fois propre à leurs origines et à toute une génération qui résiste à la vitesse et à la simplification.
520 _aThe author of this article seeks to understand the nature, value and force of the silences permeating and structuring the works of painter Graça Morais and novelist Lídia Jorge. Though the art of these two Portuguese women is essentially different, the vision of the world they convey is peculiar to their origins and to a whole generation that resists speed and simplification.
520 _aA autora procura captar a natureza e a força dos silêncios que fecundam e estruturam a obra da pintora Graça Morais e da romancista Lídia Jorge. Apesar das diferenças inerentes a cada expressão artística, ambas oferecem uma visão do mundo simultaneamente marcada pelas suas origens e aberta a toda uma geração que resiste à imediatez e à simplificação.
786 0 _nSigila | 44 | 2 | 2020-01-10 | p. 81-98 | 1286-1715
856 4 1 _uhttps://shs.cairn.info/revue-sigila-2019-2-page-81?lang=fr&redirect-ssocas=7080
999 _c1605534
_d1605534